000 00318 a2200157 4500
001 173925
020 _a
040 _cMagnum
100 _aAlvarenga, Terezinha
240 1 0 _aO casamento do leao
_lpor
245 1 0 _aO casamento do leao
362 0 _a1899
440 1 _aLĂȘ
697 _aIJ/ANIMAIS
942 _cBK
999 _c173925
_d173925